[Event "Hasselbacken op"]
[Site "Stockholm"]
[Date "2016.05.03"]
[Round "4"]
[White "Backman, Michael"]
[Black "Berovski, Krum"]
[Result "0-1"]
[WhiteElo "2162"]
[BlackElo "2339"]
[PlyCount "96"]
[EventDate "2016.04.30"]
[EventType "swiss"]
[EventRounds "9"]
[EventCountry "SWE"]
[SourceTitle "CBM 172 Extra"]
[Source "ChessBase"]
[SourceDate "2016.06.21"]
[SourceVersion "1"]
[SourceVersionDate "2016.06.21"]
[SourceQuality "1"]

1. d4 Nf6 2. c4 e6 3. Nc3 Bb4 4. Qc2 0-0 5. Nf3 d5 6. cxd5 exd5 7. Bg5 c6 8. e3 h6 9. Bh4 g5 10. Bg3 Ne4 11. Bd3 f5 12. Ne5 Nd7 13. Bxe4 fxe4 14. f3 Nxe5 15. Bxe5 Bf5 16. g4 Bh7 17. f4 gxf4 18. Bxf4 Qh4+ 19. Qf2 Qxf2+ 20. Kxf2 Bg6 21. Kg3 Kh7 22. a3 Be7 23. b4 b5 24. a4 Bxb4 25. Na2 Ba5 26. Rhc1 Rfc8 27. axb5 cxb5 28. Rc5 Rxc5 29. dxc5 Be8 30. Be5 Rc8 31. Nc1 Be1+ 32. Kh3 a5 33. Nb3 Bb4 34. Nxa5 Bxc5 35. Nb7 Bxe3 36. Nd6 Rd8 37. Nf5 Bc5 38. Ra6 Bg6 39. Rc6 Bf8 40. Rc7+ Kg8 41. Rb7 Bxf5 42. gxf5 d4 43. Rxb5 d3 44. Bf4 d2 45. Bxd2 Rxd2 46. Re5 Rxh2+ 47. Kg4 Re2 48. Re6 Bc5 0-1

[Event "SWE-chT 1516 Superettan"]
[Site "Sweden"]
[Date "2015.11.06"]
[Round "1"]
[White "Backman, Michael"]
[Black "Johansson, Jan"]
[Result "0-1"]
[WhiteElo "2101"]
[BlackElo "2384"]
[PlyCount "128"]
[EventDate "2015.11.06"]
[EventType "team-tourn"]
[EventRounds "9"]
[EventCountry "SWE"]
[SourceTitle "EXT 2018"]
[Source "ChessBase"]
[SourceDate "2017.10.13"]
[SourceVersion "1"]
[SourceVersionDate "2017.10.13"]
[SourceQuality "1"]
[WhiteTeam "Stockholm Rockaden II"]
[BlackTeam "Upsala"]
[WhiteTeamCountry "SWE"]
[BlackTeamCountry "SWE"]

1. d4 Nf6 2. c4 e6 3. Nc3 Bb4 4. Qc2 0-0 5. Nf3 c5 6. dxc5 Na6 7. g3 Nxc5 8. Bg2 d5 9. 0-0 Bd7 10. cxd5 exd5 11. Rd1 Rc8 12. Ne5 Be6 13. Rd4 Bxc3 14. Qxc3 Nfe4 15. Qe1 Qb6 16. Rb4 Qd6 17. Nd3 Nxd3 18. exd3 Nc5 19. Rd4 Rfe8 20. Be3 Qa6 21. Qd1 Qd6 22. Qh5 Nd7 23. Rh4 Nf8 24. Re1 f6 25. Rd4 Rcd8 26. Rc1 Bf7 27. Qd1 Qe5 28. Qa4 a6 29. Qa5 Rd7 30. Rc5 Red8 31. Rb4 Qe7 32. Rc1 Kh8 33. Bc5 Qe6 34. Bf3 Rc8 35. Bg4 f5 36. Rb6 Qe5 37. Bf3 Ne6 38. Be3 Rxc1+ 39. Bxc1 Nd4 40. Bd1 Re7 41. Be3 Nc6 42. Qc5 h6 43. Bf3 d4 44. Rxc6 bxc6 45. Bxd4 Qxc5 46. Bxc5 Re1+ 47. Kg2 Bd5 48. Bxd5 cxd5 49. Kf3 g6 50. Be3 Kg7 51. Kf4 Kf6 52. Bd4+ Ke6 53. h4 g5+ 54. hxg5 hxg5+ 55. Kxg5 Rd1 56. Kf4 Rxd3 57. Bc3 d4 58. Bb4 Rd1 59. Kf3 Kd5 60. Kf4 Rf1 61. f3 Rf2 62. Ba3 a5 63. Be7 d3 64. Ke3 Re2+ 0-1

[Event "Stockholm All Saints op"]
[Site "Stockholm"]
[Date "2015.10.30"]
[Round "4"]
[White "Backman, Michael"]
[Black "Jakenberg, Jussi"]
[Result "0-1"]
[WhiteElo "2101"]
[BlackElo "2019"]
[PlyCount "102"]
[EventDate "2015.10.29"]
[EventType "swiss"]
[EventRounds "7"]
[EventCountry "SWE"]
[SourceTitle "CBM 169 Extra"]
[Source "ChessBase"]
[SourceDate "2015.12.18"]
[SourceVersion "1"]
[SourceVersionDate "2015.12.18"]
[SourceQuality "1"]

1. d4 Nf6 2. c4 e6 3. Nc3 Bb4 4. Qc2 Nc6 5. Nf3 d6 6. Bd2 0-0 7. a3 Bxc3 8. Bxc3 a5 9. b3 Qe7 10. g3 e5 11. d5 Nb8 12. Bg2 c6 13. dxc6 Nxc6 14. e4 Be6 15. Nd2 Rfc8 16. Qd3 Nd7 17. 0-0 Nc5 18. Qe2 a4 19. b4 Nb3 20. Nxb3 axb3 21. Rfc1 Nd4 22. Bxd4 exd4 23. Bf1 d3 24. Qd2 Bxc4 25. Rc3 Qe5 26. Rac1 b5 27. Bxd3 h6 28. a4 b2 29. Qxb2 Rxa4 30. Bb1 Rca8 31. Qd2 Rxb4 32. f4 Qc5+ 33. Kh1 Rba4 34. Rd3 R4a6 35. e5 d5 36. Rd4 Qa3 37. Rc3 Qb4 38. Qc2 Ra1 39. Qh7+ Kf8 40. Rc1 Qb2 41. Rcd1 Qf2 42. Qh8+ Ke7 43. Qxg7 R8a6 44. e6 Rxe6 45. Be4 Rxd1+ 46. Rxd1 Rxe4 47. Qa1 Re2 48. Qa3+ Kf6 49. Qa6+ Kg7 50. Qa1+ f6 51. Qa7+ Qxa7 0-1

[Event "Stockholm op"]
[Site "Stockholm"]
[Date "2015.08.17"]
[Round "3"]
[White "Backman, Michael"]
[Black "Westerberg, Jonathan"]
[Result "0-1"]
[WhiteElo "2089"]
[BlackElo "2464"]
[PlyCount "100"]
[EventDate "2015.08.17"]
[EventType "swiss"]
[EventRounds "9"]
[EventCountry "SWE"]
[SourceTitle "EXT 2016"]
[Source "ChessBase"]
[SourceDate "2015.10.08"]
[SourceVersion "1"]
[SourceVersionDate "2015.10.08"]
[SourceQuality "1"]

1. d4 d5 2. c4 dxc4 3. e4 Nf6 4. e5 Nd5 5. Bxc4 Nb6 6. Bb3 Nc6 7. Nf3 Bf5 8. d5 Nb4 9. Nc3 c6 10. Nd4 Bg6 11. 0-0 N4xd5 12. e6 Qd6 13. exf7+ Bxf7 14. Ne4 Qg6 15. Ng5 0-0-0 16. Qg4+ Kb8 17. Qg3+ e5 18. Bc2 Qf6 19. Ne4 Qe7 20. Bg5 Nf6 21. Nf5 Qe6 22. Rfd1 Rxd1+ 23. Rxd1 Nbd5 24. Nd4 Qe8 25. Nb3 Nxe4 26. Bxe4 Bd6 27. h3 h6 28. Bd2 g5 29. a4 Qe6 30. Na5 Nf4 31. Qf3 Bc7 32. Rc1 Bxa5 33. Bxa5 Bh5 34. g4 Bg6 35. Bxc6 bxc6 36. Rxc6 Ne2+ 37. Kh1 e4 38. Rxe6 exf3 39. Rxg6 Nf4 40. Rg7 Nxh3 41. Bc7+ Ka8 42. Bg3 h5 43. gxh5 Rxh5 44. a5 a6 45. b4 Nxf2+ 46. Kg1 Ne4 47. Be5 f2+ 48. Kg2 Rh1 49. Rf7 Rg1+ 50. Kh2 f1Q 0-1

[Event "SWE-chT 1415 Superettan"]
[Site "Sweden"]
[Date "2015.03.21"]
[Round "8"]
[White "Jonsson, Krister"]
[Black "Backman, Michael"]
[Result "1-0"]
[WhiteElo "2095"]
[BlackElo "2028"]
[PlyCount "69"]
[EventDate "2014.11.21"]
[EventType "team-tourn"]
[EventRounds "9"]
[EventCountry "SWE"]
[SourceTitle "EXT 2018"]
[Source "ChessBase"]
[SourceDate "2017.10.13"]
[SourceVersion "1"]
[SourceVersionDate "2017.10.13"]
[SourceQuality "1"]
[WhiteTeam "Orebro"]
[BlackTeam "Stockholm Rockaden II"]
[WhiteTeamCountry "SWE"]
[BlackTeamCountry "SWE"]

1. d4 Nf6 2. c4 g6 3. Nc3 Bg7 4. e4 d6 5. Be2 0-0 6. Bg5 Nbd7 7. Qd2 e5 8. Nf3 exd4 9. Nxd4 Re8 10. 0-0 a6 11. f3 c6 12. Kh1 Ne5 13. Rad1 Qb6 14. Rfe1 Bd7 15. Nc2 Rad8 16. Na4 Qa7 17. Qxd6 Neg4 18. c5 Nxe4 19. fxe4 Be5 20. Bxg4 Bxd6 21. Rxd6 Bxg4 22. Rxd8 Rxd8 23. Bxd8 Qb8 24. Bf6 Qf4 25. Bc3 h5 26. Ne3 Be6 27. Nb6 h4 28. Ned5 Qf2 29. Nf6+ Kf8 30. Rd1 Bd5 31. exd5 h3 32. Nbd7+ Ke7 33. Re1+ Kd8 34. Re8+ Kc7 35. Be5# 1-0

[Event "SWE-chT 1415 Superettan"]
[Site "Sweden"]
[Date "2015.01.31"]
[Round "5"]
[White "Backman, Michael"]
[Black "Cederberg, Karl Olof"]
[Result "0-1"]
[WhiteElo "2028"]
[BlackElo "2167"]
[PlyCount "60"]
[EventDate "2014.11.21"]
[EventType "team-tourn"]
[EventRounds "9"]
[EventCountry "SWE"]
[SourceTitle "EXT 2018"]
[Source "ChessBase"]
[SourceDate "2017.10.13"]
[SourceVersion "1"]
[SourceVersionDate "2017.10.13"]
[SourceQuality "1"]
[WhiteTeam "Stockholm Rockaden II"]
[BlackTeam "Upsala"]
[WhiteTeamCountry "SWE"]
[BlackTeamCountry "SWE"]

1. d4 Nf6 2. c4 e5 3. dxe5 Ne4 4. a3 b6 5. Nf3 Bb7 6. e3 d6 7. Be2 Nd7 8. e6 fxe6 9. 0-0 Qf6 10. Nd4 0-0-0 11. Bg4 Re8 12. Qa4 Nec5 13. Qxa7 Ne5 14. Bh3 g5 15. f4 gxf4 16. Rxf4 Qg6 17. Nc3 Bh6 18. b4 Bxf4 19. bxc5 Bxh2+ 20. Kh1 dxc5 21. Nxe6 Rxe6 22. Nd5 Ng4 23. Bb2 Be5 24. Bxe5 Rxe5 25. Rf1 h5 26. a4 Qd6 27. Rf4 Rxe3 28. g3 Rxg3 29. Bg2 Rxg2 30. Kxg2 Qxf4 0-1

[Event "SWE-chT2 0910"]
[Site "Sweden"]
[Date "2010.03.12"]
[Round "7"]
[White "Backman, Michael"]
[Black "Bergre, Joachim"]
[Result "0-1"]
[WhiteElo "2156"]
[BlackElo "2130"]
[PlyCount "96"]
[EventDate "2009.10.24"]
[EventType "team"]
[EventRounds "9"]
[EventCountry "SWE"]
[SourceTitle "EXT 2011"]
[Source "ChessBase"]
[SourceDate "2010.11.26"]
[SourceVersion "1"]
[SourceVersionDate "2010.11.26"]
[SourceQuality "1"]
[WhiteTeam "Stockholm Rockaden II"]
[BlackTeam "Manhem II"]
[WhiteTeamCountry "SWE"]
[BlackTeamCountry "SWE"]

1. d4 g6 2. e4 Bg7 3. Nf3 d6 4. Bc4 a6 5. c3 e6 6. Bb3 Ne7 7. 0-0 h6 8. Re1 Nd7 9. Nbd2 b6 10. Nf1 Bb7 11. Ng3 Rc8 12. Qe2 0-0 13. h3 c5 14. Bf4 e5 15. dxe5 dxe5 16. Be3 Kh7 17. Rad1 Qc7 18. Rd2 Nf6 19. Red1 c4 20. Bc2 b5 21. Rd6 Nc6 22. Bxh6 Bxh6 23. Rxf6 Rcd8 24. Rxd8 Qxd8 25. Rxc6 Bxc6 26. Nxe5 Bb7 27. Ng4 Bg5 28. Nf1 Bc8 29. g3 Bc1 30. e5 Bxg4 31. Qxg4 Qg5 32. Qe4 Kg7 33. h4 Qe7 34. Nh2 Rh8 35. Ng4 Bxb2 36. f4 Rd8 37. f5 Qc5+ 38. Kf1 Qd5 39. Qf4 Qh1+ 40. Kf2 Bc1 41. f6+ Kf8 42. e6 fxe6 43. Qd4 Rxd4 44. cxd4 Bd2 45. Bxg6 Qd5 46. h5 Qxd4+ 47. Kf3 Bg5 48. f7 Qd1+ 0-1

[Event "Stockholm Elo op"]
[Site "Stockholm"]
[Date "2009.05.23"]
[Round "7"]
[White "Evertsson, Lennart"]
[Black "Backman, Michael"]
[Result "0-1"]
[WhiteElo "2141"]
[BlackElo "2141"]
[PlyCount "146"]
[EventDate "2009.05.20"]
[EventType "swiss"]
[EventRounds "9"]
[EventCountry "SWE"]
[SourceTitle "EXT 2012"]
[Source "ChessBase"]
[SourceDate "2011.11.24"]
[SourceVersion "1"]
[SourceVersionDate "2011.11.24"]
[SourceQuality "1"]

1. d4 Nf6 2. c4 c5 3. d5 b5 4. a4 bxc4 5. Nc3 d6 6. e4 Ba6 7. f4 e6 8. Nf3 exd5 9. exd5 Be7 10. Nd2 0-0 11. Bxc4 Bc8 12. Bd3 Na6 13. Nf3 Nb4 14. Bb1 Ba6 15. Kf2 Qb6 16. a5 Qb7 17. Re1 Bc4 18. Ng5 h6 19. a6 Bxa6 20. Nge4 Nxe4+ 21. Nxe4 Bc4 22. f5 Nxd5 23. f6 Bxf6 24. Nxd6 Qb3 25. Nxc4 Qxc4 26. Kg1 Qd4+ 27. Kh1 Qxd1 28. Rxd1 Nb4 29. Be4 Rad8 30. Rf1 Rfe8 31. Bf5 a6 32. g3 Re2 33. Bg4 Rc2 34. Bf5 Bxb2 35. Bxc2 Bxa1 36. Bb3 Bf6 37. Bxh6 Rd3 38. Ba4 Ra3 39. Bd7 Ra1 40. Rxa1 Bxa1 41. Bd2 Na2 42. Bc8 c4 43. Ba5 c3 44. Bf5 Nc1 45. Bc2 Kf8 46. Kg2 Ke7 47. Kf3 Kd6 48. Bb4+ Kd5 49. Bf8 g6 50. h4 Kc4 51. Ke3 a5 52. g4 Na2 53. Ke2 Nb4 54. Ba4 c2 55. Kd2 Bc3+ 56. Kc1 Bf6 57. Bxb4 Kxb4 58. Bxc2 Bxh4 59. Kb2 Bf6+ 60. Ka2 Be7 61. Bb3 f5 62. gxf5 gxf5 63. Kb2 a4 64. Bd5 a3+ 65. Kc2 Kc5 66. Be6 f4 67. Kd3 Kd6 68. Bb3 Ke5 69. Ba2 Bc5 70. Ke2 Kd4 71. Kd2 f3 72. Bf7 f2 73. Ke2 Kc3 0-1

[Event "SWE-chT2 0809"]
[Site "Sweden"]
[Date "2008.10.25"]
[Round "1"]
[White "Soderberg, Per"]
[Black "Backman, Michael"]
[Result "1-0"]
[WhiteElo "2230"]
[BlackElo "2178"]
[PlyCount "165"]
[EventDate "2008.10.25"]
[EventType "team-tourn"]
[EventRounds "9"]
[EventCountry "SWE"]
[SourceTitle "EXT 2011"]
[Source "ChessBase"]
[SourceDate "2010.11.26"]
[SourceVersion "1"]
[SourceVersionDate "2010.11.26"]
[SourceQuality "1"]

1. e4 c5 2. Nf3 d6 3. Bb5+ Nc6 4. 0-0 Bd7 5. a4 e6 6. d4 cxd4 7. Nxd4 a6 8. Be2 Be7 9. Nc3 Nf6 10. Be3 0-0 11. Nb3 b6 12. f4 Qc7 13. Rf2 Rfe8 14. Bf3 Rab8 15. g4 Bc8 16. g5 Nd7 17. Bg2 Na5 18. Nd4 Nc4 19. Bc1 Bf8 20. b3 Na5 21. Bb2 Nc6 22. Nce2 Nxd4 23. Nxd4 e5 24. Nf5 Nc5 25. Ne3 exf4 26. Nd5 Qd8 27. Rxf4 Qxg5 28. Qf3 Rb7 29. h4 Qh6 30. h5 Be6 31. Rf1 Bxd5 32. exd5 f6 33. Bc1 Qg5 34. Re4 Nxe4 35. Bxg5 Nxg5 36. Qf4 Rc7 37. c4 Rce7 38. Qd4 Rb7 39. Ra1 Nf7 40. b4 Re5 41. Qg4 f5 42. Qg3 a5 43. Qc3 g5 44. hxg6 hxg6 45. Re1 Bg7 46. bxa5 Re4 47. Qc1 Bd4+ 48. Kf1 Rxe1+ 49. Qxe1 bxa5 50. Qxa5 Rb1+ 51. Ke2 Rb2+ 52. Kd3 Bc5 53. Bf1 Rf2 54. Qe1 Ne5+ 55. Kc3 f4 56. Qb1 Rf3+ 57. Kc2 Rf2+ 58. Kc3 f3 59. a5 Kg7 60. a6 Kf6 61. Bh3 Rh2 62. Bf1 Rh1 63. Qc1 g5 64. Kb3 g4 65. Qf4+ Kg6 66. Bd3+ Nxd3 67. Qxg4+ Kh6 68. Qxf3 Nf2 69. Qf6+ Kh5 70. a7 Rh3+ 71. Kc2 Ra3 72. Qh8+ Kg4 73. a8Q Rxa8 74. Qxa8 Ne4 75. Qf8 Ng5 76. Kd3 Nh3 77. Qf6 Nf4+ 78. Ke4 Nh3 79. Qf3+ Kh4 80. Kf5 Nf2 81. Qg2 Be3 82. Qh2+ Nh3 83. Qxd6 1-0

[Event "Stockholm Salongernas Elo Gr 2"]
[Site "Stockholm"]
[Date "2008.07.09"]
[Round "3"]
[White "Palmblad, Jan Peter"]
[Black "Backman, Michael"]
[Result "1-0"]
[WhiteElo "2115"]
[BlackElo "2115"]
[PlyCount "111"]
[EventDate "2008.07.06"]
[EventType "tourn"]
[EventRounds "9"]
[EventCountry "SWE"]
[SourceTitle "EXT 2024"]
[Source "ChessBase"]
[SourceDate "2023.10.10"]
[SourceVersion "1"]
[SourceVersionDate "2023.10.10"]
[SourceQuality "1"]

1. e4 c5 2. Nf3 d6 3. d4 cxd4 4. Nxd4 Nf6 5. Nc3 a6 6. f4 Qc7 7. Bd3 g6 8. Nf3 Bg7 9. 0-0 Bg4 10. Qe1 Nbd7 11. h3 Bxf3 12. Rxf3 0-0 13. g4 Rac8 14. g5 Nh5 15. Nd5 Qd8 16. Qb4 e6 17. Ne3 Nc5 18. Ng4 Rc6 19. e5 dxe5 20. fxe5 Qd5 21. Be2 Bxe5 22. Be3 Bd6 23. Rd1 Qe4 24. Qc3 e5 25. Rxd6 Rxd6 26. Qxc5 Rc6 27. Qe7 Qd5 28. Qxe5 Qxe5 29. Nxe5 Rxc2 30. Bc4 Ng7 31. Bb3 Rc7 32. Ng4 Nf5 33. Bf4 Re7 34. Bd2 Rd8 35. Bc3 Nd4 36. Nh6+ Kf8 37. Rf6 Ne2+ 38. Kf2 Nxc3 39. bxc3 Rd2+ 40. Kf3 Rd3+ 41. Kf4 Kg7 42. Nxf7 h6 43. h4 Rh3 44. Ne5 Rxh4+ 45. Kg3 hxg5 46. Rxg6+ Kh8 47. Rxg5 Re4 48. Ng6+ Kg7 49. Nxe7+ Kf6 50. Rf5+ Kxe7 51. Rf7+ Kd8 52. Rxb7 Re3+ 53. Kf4 Rxc3 54. Rb6 a5 55. Ke5 Kc7 56. Rb5 1-0

[Event "Stockholm Salongernas Elo Gr 2"]
[Site "Stockholm"]
[Date "2008.07.07"]
[Round "1"]
[White "Duenas, Alexis"]
[Black "Backman, Michael"]
[Result "1-0"]
[WhiteElo "1969"]
[BlackElo "2115"]
[PlyCount "105"]
[EventDate "2008.07.06"]
[EventType "tourn"]
[EventRounds "9"]
[EventCountry "SWE"]
[SourceTitle "EXT 2024"]
[Source "ChessBase"]
[SourceDate "2023.10.10"]
[SourceVersion "1"]
[SourceVersionDate "2023.10.10"]
[SourceQuality "1"]

1. d4 Nf6 2. c4 g6 3. Nc3 Bg7 4. e4 d6 5. Nf3 0-0 6. Be2 e5 7. 0-0 Nc6 8. d5 Ne7 9. b4 Nh5 10. Re1 Nf4 11. Bf1 h6 12. c5 g5 13. Nd2 Neg6 14. Nc4 h5 15. Be3 f5 16. g3 fxe4 17. gxf4 gxf4 18. Bd2 e3 19. fxe3 f3 20. Kh1 f2 21. Re2 Nh4 22. e4 Bg4 23. h3 Qf6 24. Be3 Bf3+ 25. Kh2 Bh6 26. Qd2 Bxe2 27. Qxe2 Bf4+ 28. Kh1 Qg6 29. Bxf2 Bg3 30. Be3 Rf7 31. Bg2 Raf8 32. Rf1 Rxf1+ 33. Bxf1 Nf3 34. cxd6 cxd6 35. Bg2 Ne1 36. Nb5 Bf2 37. Qf1 Bxe3 38. Qxe1 Rf2 39. Nxe3 Qg3 40. Nf5 Qf4 41. Nbxd6 Rxa2 42. Qg3+ Qxg3 43. Nxg3 Rb2 44. Nxb7 Rxb4 45. Nc5 Rb5 46. Nd7 a5 47. Nxe5 Rb1+ 48. Kh2 Rc1 49. Ne2 Rc8 50. Nc6 Ra8 51. d6 a4 52. d7 a3 53. Nc3 1-0

[Event "Liberec op"]
[Site "Liberec"]
[Date "2007.11.13"]
[Round "4"]
[White "Backman, Michael"]
[Black "Plischki, Sebastian"]
[Result "0-1"]
[WhiteElo "2140"]
[BlackElo "2357"]
[PlyCount "40"]
[EventDate "2007.11.10"]
[EventType "swiss"]
[EventRounds "9"]
[EventCountry "CZE"]
[SourceTitle "EXT 2008"]
[Source "ChessBase"]
[SourceDate "2007.11.25"]
[SourceVersion "1"]
[SourceVersionDate "2007.11.25"]
[SourceQuality "1"]

1. d4 Nf6 2. c4 e6 3. Nc3 Bb4 4. Qc2 c5 5. dxc5 0-0 6. Bf4 Na6 7. a3 Bxc3+ 8. Qxc3 Nxc5 9. b4 Nce4 10. Qd4 d6 11. Rd1 Bd7 12. Bxd6 Ba4 13. Bxf8 Bxd1 14. Qxd8 Rxd8 15. Be7 Rd7 16. Bxf6 Bb3 17. e3 Rd1+ 18. Ke2 gxf6 19. Nh3 Nc3+ 20. Kf3 Bxc4 0-1

[Event "Liberec op"]
[Site "Liberec"]
[Date "2007.11.12"]
[Round "3"]
[White "Paldus, Petr"]
[Black "Backman, Michael"]
[Result "0-1"]
[WhiteElo "2072"]
[BlackElo "2140"]
[PlyCount "70"]
[EventDate "2007.11.10"]
[EventType "swiss"]
[EventRounds "9"]
[EventCountry "CZE"]
[SourceTitle "EXT 2008"]
[Source "ChessBase"]
[SourceDate "2007.11.25"]
[SourceVersion "1"]
[SourceVersionDate "2007.11.25"]
[SourceQuality "1"]

1. e4 c5 2. g3 g6 3. Bg2 Bg7 4. Nf3 Nc6 5. 0-0 e5 6. Nc3 Nge7 7. d3 d6 8. Be3 a6 9. Qd2 h6 10. Ne2 f5 11. Nh4 Bf6 12. exf5 Bxh4 13. gxh4 Nxf5 14. h5 g5 15. c3 Qf6 16. Ng3 0-0 17. Nxf5 Bxf5 18. h4 Kh7 19. hxg5 hxg5 20. Bxg5 Qf7 21. Bh4 Qxh5 22. Bg3 Rf6 23. Qe3 Rg8 24. Be4 Ne7 25. Kg2 Qh3+ 26. Kg1 Rfg6 27. Bg2 Qh5 28. Bf3 Bg4 29. Bxg4 Rxg4 30. Kg2 Nf5 31. Qe4 Rxe4 32. dxe4 Nh4+ 33. Kh3 Ng6+ 34. Kg2 Nf4+ 35. Kg1 Qh3 0-1

[Event "Liberec op"]
[Site "Liberec"]
[Date "2007.11.10"]
[Round "1"]
[White "Suchomel, Ales"]
[Black "Backman, Michael"]
[Result "0-1"]
[WhiteElo "1798"]
[BlackElo "2140"]
[PlyCount "52"]
[EventDate "2007.11.10"]
[EventType "swiss"]
[EventRounds "9"]
[EventCountry "CZE"]
[SourceTitle "EXT 2008"]
[Source "ChessBase"]
[SourceDate "2007.11.25"]
[SourceVersion "1"]
[SourceVersionDate "2007.11.25"]
[SourceQuality "1"]

1. d4 Nf6 2. Nf3 g6 3. c4 Bg7 4. e3 0-0 5. Bd3 d6 6. Nc3 Nbd7 7. 0-0 e5 8. d5 Qe7 9. e4 Nc5 10. Be3 Nxd3 11. Qxd3 Nh5 12. Ne2 f5 13. Bg5 Qf7 14. Nd2 h6 15. g4 fxg4 16. Be3 g5 17. Ng3 Nf4 18. Qc2 h5 19. f3 h4 20. Bxf4 gxf4 21. Ne2 g3 22. Nb3 Bh3 23. Rfd1 Qg6 24. Nc3 gxh2+ 25. Kxh2 Qg3+ 26. Kh1 Qxf3+ 0-1

[Event "Pardubice Jihlavanka op"]
[Site "Pardubice"]
[Date "2007.07.23"]
[Round "4"]
[White "Potkin, Alexey V"]
[Black "Backman, Michael"]
[Result "1-0"]
[WhiteElo "2291"]
[BlackElo "2115"]
[PlyCount "69"]
[EventDate "2007.07.20"]
[EventType "swiss"]
[EventRounds "9"]
[EventCountry "CZE"]
[SourceTitle "EXT 2009"]
[Source "ChessBase"]
[SourceDate "2008.11.26"]
[SourceVersion "1"]
[SourceVersionDate "2008.11.26"]
[SourceQuality "1"]

1. e4 c5 2. c3 Nf6 3. e5 Nd5 4. d4 cxd4 5. Nf3 Nc6 6. cxd4 e6 7. Bd3 Qb6 8. Nc3 Nxc3 9. bxc3 h6 10. 0-0 d5 11. exd6 Bxd6 12. Qe2 Qa5 13. Rb1 Qh5 14. Rb5 g5 15. Re1 a6 16. Rb6 Rg8 17. g3 g4 18. Nd2 Bc7 19. Rb1 b6 20. Be4 Kd7 21. Nc4 b5 22. Ne5+ Nxe5 23. dxe5 Rb8 24. Bf4 Ke7 25. Bg2 Rd8 26. h3 Rg8 27. c4 Bd7 28. Red1 Qg6 29. Be4 Qh5 30. Bg2 Qg6 31. hxg4 Qxg4 32. Qe3 Bb6 33. c5 Bc7 34. c6 Bc8 35. Qa7 1-0

[Event "Pardubice Jihlavanka op"]
[Site "Pardubice"]
[Date "2007.07.22"]
[Round "3"]
[White "Backman, Michael"]
[Black "Valov, Ilya"]
[Result "1-0"]
[WhiteElo "2115"]
[BlackElo "2295"]
[PlyCount "61"]
[EventDate "2007.07.20"]
[EventType "swiss"]
[EventRounds "9"]
[EventCountry "CZE"]
[SourceTitle "EXT 2009"]
[Source "ChessBase"]
[SourceDate "2008.11.26"]
[SourceVersion "1"]
[SourceVersionDate "2008.11.26"]
[SourceQuality "1"]

1. d4 Nf6 2. c4 c5 3. d5 b5 4. cxb5 a6 5. f3 axb5 6. e4 Qa5+ 7. Bd2 b4 8. Na3 Ba6 9. Nc4 Bxc4 10. Bxc4 d6 11. a4 g6 12. Ne2 Bg7 13. b3 Nbd7 14. 0-0 0-0 15. Bb5 Rfc8 16. Rb1 Rab8 17. Ng3 Nb6 18. Qe2 Ne8 19. Bg5 Rc7 20. Be3 Rcc8 21. Rfc1 Nc7 22. Bd3 e6 23. dxe6 Nxe6 24. f4 Bd4 25. Kh1 Bxe3 26. Qxe3 Nd4 27. f5 Nxb3 28. Qh6 Nd4 29. Nh5 g5 30. f6 Ne6 31. e5 1-0

[Event "Rilton Cup 34th"]
[Site "Stockholm"]
[Date "2005.01.02"]
[Round "6"]
[White "Backman, Michael"]
[Black "Doggers, Peter"]
[Result "0-1"]
[WhiteElo "2106"]
[BlackElo "2292"]
[PlyCount "70"]
[EventDate "2004.12.27"]
[EventType "swiss"]
[EventRounds "9"]
[EventCountry "SWE"]
[SourceTitle "CBM 104 Extra"]
[Source "ChessBase"]
[SourceDate "2005.03.01"]
[SourceVersion "1"]
[SourceVersionDate "2005.03.01"]
[SourceQuality "1"]

1. Nf3 Nf6 2. b3 g6 3. Bb2 Bg7 4. g3 0-0 5. Bg2 d6 6. c4 e5 7. d4 Nbd7 8. 0-0 Re8 9. Nc3 c6 10. e4 exd4 11. Nxd4 Nc5 12. Qc2 a5 13. Rad1 Qb6 14. Nde2 a4 15. Nc1 axb3 16. axb3 Qc7 17. b4 Ne6 18. Nb3 Qb6 19. Rxd6 Qxb4 20. e5 Ng4 21. Ne4 Nxe5 22. Bc3 Qxc4 23. Qb2 Qb5 24. Rb1 Nc4 25. Qc1 Nxd6 26. Nxd6 Qd3 27. Nxe8 Qxc3 28. Qd1 Bf8 29. Nd2 Nc5 30. Ne4 Nxe4 31. Bxe4 Bh3 32. Nc7 Qe5 33. Nxa8 Qxe4 34. f3 Qe3+ 35. Kh1 Qf2 0-1

[Event "Rilton Cup 34th"]
[Site "Stockholm"]
[Date "2004.12.27"]
[Round "1"]
[White "Backman, Michael"]
[Black "Hermansson, Emil"]
[Result "0-1"]
[WhiteElo "2106"]
[BlackElo "2414"]
[PlyCount "44"]
[EventDate "2004.12.27"]
[EventType "swiss"]
[EventRounds "9"]
[EventCountry "SWE"]
[SourceTitle "CBM 104 Extra"]
[Source "ChessBase"]
[SourceDate "2005.03.01"]
[SourceVersion "1"]
[SourceVersionDate "2005.03.01"]
[SourceQuality "1"]

1. Nf3 Nf6 2. b3 g6 3. Bb2 Bg7 4. g3 c5 5. Bg2 d5 6. 0-0 0-0 7. d3 Nc6 8. Nbd2 d4 9. a4 Nd5 10. Nc4 e5 11. e3 Re8 12. Nfd2 Be6 13. Ne4 b6 14. a5 Rb8 15. axb6 axb6 16. Ned6 Re7 17. Nb5 Qd7 18. exd4 cxd4 19. Ba3 Ree8 20. Bd6 Rb7 21. Qf3 Nd8 22. Bxe5 Bxe5 0-1

[Event "Rilton Cup 33rd"]
[Site "Stockholm"]
[Date "2004.01.05"]
[Round "9"]
[White "Backman, Michael"]
[Black "Adler, Bo"]
[Result "1-0"]
[WhiteElo "2106"]
[BlackElo "2245"]
[PlyCount "78"]
[EventDate "2003.12.27"]
[EventType "swiss"]
[EventRounds "9"]
[EventCountry "SWE"]
[SourceTitle "CBM 097 Extra"]
[Source "ChessBase"]
[SourceDate "2004.01.13"]
[SourceVersion "1"]
[SourceVersionDate "2004.01.13"]
[SourceQuality "1"]

1. d4 d5 2. c4 Nc6 3. Nf3 Bg4 4. cxd5 Bxf3 5. dxc6 Bxc6 6. Nc3 Nf6 7. f3 e5 8. dxe5 Qxd1+ 9. Nxd1 Bb4+ 10. Nc3 Nd5 11. Bd2 0-0-0 12. e4 Nxc3 13. bxc3 Ba5 14. Rc1 Rhe8 15. Bf4 f6 16. exf6 gxf6 17. Kf2 Bb6+ 18. Kg3 Rg8+ 19. Kh4 f5 20. exf5 Bf2+ 21. Kh3 Rdf8 22. Bc4 Rxf5 23. Be6+ Bd7 24. Bxf5 Bxf5+ 25. g4 Be6 26. Kg2 Bc5 27. c4 Rd8 28. Bg5 Rd3 29. Rhd1 Rxd1 30. Rxd1 c6 31. Rc1 Kc7 32. h3 Kb6 33. f4 Ka5 34. f5 Bf7 35. Kf3 Kb4 36. Be3 Bxe3 37. Kxe3 c5 38. Kd3 b6 39. Ke4 a6 1-0

[Event "Rilton Cup 33rd"]
[Site "Stockholm"]
[Date "2003.12.29"]
[Round "3"]
[White "Backman, Michael"]
[Black "Breen, Veronica"]
[Result "0-1"]
[WhiteElo "2106"]
[BlackElo "1998"]
[PlyCount "74"]
[EventDate "2003.12.27"]
[EventType "swiss"]
[EventRounds "9"]
[EventCountry "SWE"]
[SourceTitle "CBM 097 Extra"]
[Source "ChessBase"]
[SourceDate "2004.01.13"]
[SourceVersion "1"]
[SourceVersionDate "2004.01.13"]
[SourceQuality "1"]

1. d4 Nf6 2. c4 e6 3. Nc3 Bb4 4. Qc2 0-0 5. Bg5 b6 6. e4 Bxc3+ 7. bxc3 h6 8. Bh4 g5 9. Bg3 Bb7 10. e5 Nh5 11. Qd1 Nxg3 12. hxg3 Kg7 13. Qh5 Rh8 14. f4 Be4 15. Nh3 Nc6 16. Nf2 Bg6 17. Qf3 Qe7 18. Ng4 h5 19. Nf6 g4 20. Qe3 Qa3 21. Kf2 Ne7 22. Qd2 d6 23. Rc1 Rad8 24. Be2 Nf5 25. Bd3 Ne7 26. f5 exf5 27. Qg5 dxe5 28. Nxh5+ Rxh5 29. Rxh5 f6 30. Qh6+ Kf7 31. d5 Ng8 32. Qd2 Bxh5 33. Bxf5 Qc5+ 34. Ke2 Qxc4+ 35. Bd3 Qxd5 36. Qe3 Qxg2+ 37. Kd1 e4 0-1